| 000 | 00900nam a2200277 i 4500 | ||
|---|---|---|---|
| 001 | 000015878 | ||
| 003 | DO-SdBNP | ||
| 005 | 20250804091930.0 | ||
| 007 | ta | ||
| 008 | 100222s1999 dr f000 0 spa d | ||
| 040 |
_aDO-SdBNP _bspa _cBNPHU _erda |
||
| 041 | _aspa | ||
| 082 | 4 |
_a342.729302 _bR426c 1999 _222 |
|
| 110 | 1 |
_aRepública Dominicana _9447 |
|
| 240 | 1 | 0 | _aConstitución |
| 245 | 1 | 0 | _aConstitución de la República Dominicana. |
| 264 |
_aSanto Domingo, República Dominicana : _bComisionado de apoyo a la reforma y modernización de la justicia, _c1999. |
||
| 300 |
_a93 páginas ; _c21 cm. |
||
| 336 |
_atexto _btxt _2rdacontent |
||
| 337 |
_asin mediación _bn _2rdamedia |
||
| 338 |
_avolumen _bnc _2rdacarrier |
||
| 590 | _aInventariado, 2018/YL | ||
| 651 | 4 |
_aRepública Dominicana _xConstitución _91008 |
|
| 910 | _aValidado. Control de calidad MFF | ||
| 942 |
_2ddc _cLBS1 |
||
| 999 |
_c15420 _d15420 |
||